000 00366nam a2200169Ia 4500
008 210210b1922 xxu||||| |||| 00| 0 eng d
041 _aeng
082 _a886/93
100 _a-
245 _aUpanishad sangraha VI
260 _aPUna
_b-
_c1922
650 _aVI
650 _aUpanishad
650 _asangraha
690 _aSanskrit Criticism
906 _a024598
999 _c150146
_d150146